| 000 | 00000nam 2200000zi 4500 |
| 001 | 9.871913 |
| 003 | CaOODSP |
| 005 | 20221107163521 |
| 006 | m o d f |
| 007 | cr |n||||||||| |
| 008 | 190423t20012001onc o f000 0 eng d |
| 020 | |z0662656733 |
| 040 | |aCaOODSP|beng|erda|cCaOODSP |
| 043 | |an-cn--- |
| 086 | 1 |aBT22-78/2001E-PDF|zBT22-78/2001 |
| 245 | 00|aIntegrated risk management framework. |
| 264 | 1|a[Ottawa] : |bTreasury Board of Canada Secretariat = Secrétariat du Conseil du Trésor du Canada, |cApril 2001. |
| 264 | 4|c©2001 |
| 300 | |a1 online resource (42 pages) |
| 336 | |atext|btxt|2rdacontent |
| 337 | |acomputer|bc|2rdamedia |
| 338 | |aonline resource|bcr|2rdacarrier |
| 500 | |aIssued also in French under title: Cadre de gestion intégrée du risque. |
| 504 | |aIncludes bibliographical references. |
| 520 | |a"This Framework is designed to advance the development and implementation of modern management practices and to support innovation throughout the federal Public Service. It provides a comprehensive approach to better integrate risk management into strategic decision-making"--Introduction, page 1. |
| 692 | 07|2gccst|aRisk management |
| 710 | 1 |aCanada. |bTreasury Board. |
| 775 | 08|tCadre de gestion intégrée du risque.|w(CaOODSP)9.871915 |
| 776 | 0#|tIntegrated Risk Management Framework |w(CaOODSP)9.662711 |
| 856 | 40|qPDF|s1.97 MB|uhttps://publications.gc.ca/collections/collection_2019/sct-tbs/BT22-78-2001-eng.pdf |